Central Library OPAC University of Rajshahi

The caretaker : (Record no. 20624)

MARC details
000 -LEADER
fixed length control field 00683nam a2200241 a 4500
001 - CONTROL NUMBER
control field 20624
003 - CONTROL NUMBER IDENTIFIER
rucl marc code BD-RjUL
005 - DATE AND TIME OF LATEST TRANSACTION
control field 20211209000605.0
008 - FIXED-LENGTH DATA ELEMENTS--GENERAL INFORMATION
fixed length control field 140301r19631962enk 000 1 eng d
035 ## - SYSTEM CONTROL NUMBER
System control number (BD-RjUL)20686
040 ## - CATALOGING SOURCE
Original cataloging agency WASKC
Language of cataloging eng
Transcribing agency WASKC
Modifying agency XNTU
-- BD-RjUL
041 ## - LANGUAGE CODE
Language code of text/sound track or separate title eng
082 04 - DEWEY DECIMAL CLASSIFICATION NUMBER
Classification number 822.914
Edition number 20
Author mark and year PIC 1963
100 1# - MAIN ENTRY--PERSONAL NAME
Personal name Pinter, Harold,
Dates associated with a name 1930-
9 (RLIN) 63640
245 14 - TITLE STATEMENT
Title The caretaker :
Remainder of title a play /
Statement of responsibility, etc. by Harold Pinter.
250 ## - EDITION STATEMENT
Edition statement 2nd ed., rev.
260 ## - PUBLICATION, DISTRIBUTION, ETC. (IMPRINT)
Place of publication, distribution, etc. London :
Name of publisher, distributor, etc. Methuen,
Date of publication, distribution, etc. 1962 [reprinted 1963].
300 ## - PHYSICAL DESCRIPTION
Pagination 78 p. ;
Size 19 cm.
490 0# - SERIES STATEMENT
Series statement A Methuen modern play
650 #0 - SUBJECT ADDED ENTRY--TOPICAL TERM
Topical term or geographic name as entry element Tramps
Form subdivision Drama.
9 (RLIN) 63641
Topical term or geographic name as entry element Older men
Form subdivision Drama.
9 (RLIN) 63642
942 ## - ADDED ENTRY ELEMENTS (KOHA)
Source of classification or shelving scheme Dewey Decimal Classification
Koha item type Books
Holdings
Lost status Source of classification or shelving scheme Damaged status Not for loan Collection code Permanent Location Current Location Shelving location Date acquired Source of acquisition Cost, normal purchase price Total Checkouts Full call number Date last seen Copy number Koha item type
  Dewey Decimal Classification   Added to bundle Fiction Central Library, University of Rajshahi Central Library, University of Rajshahi Reading Room 29/07/1964 Zeitlinger 4.60   822.914 PIC 1963 01/03/2014 C-1 Books